Statistics for Argentina World Cup 2022 Squad

Click here to take the quiz!

General Stats

  • This quiz has been taken 31 times
  • The average score is 19 of 26

Answer Stats

PositionClubPlayer% Correct
GKAston VillaEmiliano Martinez
100%
FWInter MilanLautaro Martinez
100%
FWPSGLionel Messi
100%
DFManchester UnitedLisandro Martinez
100%
FWManchester CityJulian Alvarez
93%
MFBrighton & Hove AlbionAlexis Mac Allister
90%
DFTottenham HotspurCristian Romero
90%
FWAS RomaPaulo Dybala
90%
FWJuventusAngel Di Maria
87%
MFSL BenficaEnzo Fernandez
83%
MFAtletico MadridRodrigo De Paul
77%
DFSL BenficaNicolas Otamendi
73%
DFOlympique LyonNicolas Tagliafico
73%
FWAtletico MadridAngel Correa
70%
DFSevilla FCGonzalo Montiel
70%
DFAtletico MadridNahuel Molina
70%
MFJuventusLeandro Paredes
67%
MFSevilla FCMarcos Acuna
67%
GKVillarreal CFGeronimo Rulli
57%
MFSevilla FCPapu Gomez
57%
MFReal BetisGuido Rodriguez
50%
DFVillarreal CFJuan Foyth
50%
MFBayer LeverkusenExequiel Palacios
47%
GKRiver PlateFranco Armani
47%
DFReal BetisGerman Pezzella
40%
MFAtlanta UnitedThiago Almada
40%

Score Distribution

Percentile by Number Answered

Percent of People with Each Score

Your Score History

You have not taken this quiz